LEADER 01052nas 2200385 c 450 001 9910893509703321 005 20260218112745.0 024 7 $aurn:nbn:de:0128-2-936 035 $a(CKB)5280000000199389 035 $a(DE-599)ZDB2758319-3 035 $a(DE-101)1047680912 035 $a(DE-599)2758319-3 035 $a(EXLCZ)995280000000199389 100 $a20140220b18751888 |y | 101 0 $ager 135 $aurbu||||a|a|| 181 $ctxt$2rdacontent 182 $cc$2rdamedia 183 $acr$2rdacarrier 200 00$aSanct-Paulinus-Blatt für das deutsche Volk 210 31$aTrier$cPaulinus-Dr.$d1875-1888 215 $aOnline-Ressource 517 3 $aSt.-Paulinus-Blatt fu?r das deutsche Volk 607 $aTrier$2gnd 608 $aZeitschrift$2gnd-content 608 $aZeitung$2gnd 676 $a230 686 $a450$2rpb 801 0$b0929 801 1$bDE-101 801 2$b9999 906 $aJOURNAL 912 $a9910893509703321 996 $aSanct-Paulinus-Blatt fu?r das deutsche Volk$94256431 997 $aUNINA